000 01385cam a22003738i 4500
999 _c41497
_d41497
001 19038610
003 OSt
005 20220725093340.0
008 160401s2016 mau b 001 0 eng
010 _a 2016010431
016 _a9789332586116
020 _a9780134410968 (alk. paper)
020 _a0134410963 (alk. paper)
040 _aDLC
_beng
_cDLC
_erda
042 _apcc
050 0 0 _aHM1033
_b.B35 2016
082 0 0 _a302
_bBAR/S
100 1 _aBaron, Robert A.
_eauthor.
_98554
245 1 0 _aSocial psychology /
_cRobert A. Baron, Oklahoma State University, Nyla R. Branscombe, University of Kansas. Adapted by Preeti Kapur
250 _aFourteenth edition.
263 _a1605
264 1 _aIndia :
_bPearson,
_c[2022]
300 _a870 pages
336 _atext
_2rdacontent
337 _aunmediated
_2rdamedia
338 _avolume
_2rdacarrier
504 _aIncludes bibliographical references and index.
650 0 _aSocial psychology.
700 1 _aBranscombe, Nyla R.
_eauthor.
_99069
700 _aKapur, Preeti
_99048
906 _a7
_bcbc
_corignew
_d1
_eecip
_f20
_gy-gencatlg
942 _2ddc
_cBK
_h302
_iBAR/S
_k302
_mBAR/S